|
|
|
|
| LEADER |
00000nab a2200000 a 4500 |
| 001 |
vtls000797520 |
| 003 |
SK-MaSNL |
| 005 |
20260304125209.0 |
| 008 |
250429c2002 xo 0 slo |
| 015 |
|
|
|a SNBRB2002/06-19801
|
| 035 |
|
|
|a CLN000149175
|
| 035 |
|
|
|a urn:nbn:sk:snk-abagit
|
| 035 |
|
|
|a (urnnbn)urn:nbn:sk:snk:ar-a0an3o
|
| 035 |
|
|
|a (uuid)6b62d4ba-66fc-42b0-bf33-8e63ebd88e3f
|
| 040 |
|
|
|a SNKBUCL
|b slo
|c SNKBUCL
|e AACR2
|
| 041 |
0 |
|
|a slo
|
| 044 |
|
|
|a xo
|c SK
|
| 080 |
|
|
|a 614.878:661.833.42
|2 1997
|
| 080 |
|
|
|a 661.833.42
|2 1997
|
| 100 |
1 |
|
|a Rosival, Ladislav,
|d 1924-2016
|4 aut
|9 209712
|
| 245 |
1 |
0 |
|a Nebezpečné chemické látky
|c Ladislav Rosival, Peter Rusňák
|
| 300 |
|
|
|b Tab.
|
| 650 |
0 |
7 |
|a dusitan sodný
|x vlastnosti fyzikálno-technické
|x účinky fyziologické
|2 snkbucl
|9 1437502
|
| 650 |
0 |
7 |
|a nebezpečné látky
|2 snkbucl
|9 67875
|
| 655 |
|
7 |
|a články z novín a časopisov
|2 snkbucl
|9 267496
|
| 700 |
1 |
|
|a Rusňák, Peter
|4 aut
|9 5405
|
| 773 |
0 |
|
|t Bezpečná práca
|g Roč. 33, č. 3 (2002), s. 37-38
|x 0322-8347
|
| 850 |
|
|
|a Slovenská národná knižnica
|
| 852 |
|
|
|a Slovenská národná knižnica
|
| 954 |
|
|
|a odborná, vedecká literatúra pôvodná (slovenská)
|2 lita
|
| 958 |
|
|
|a article14
|
| 958 |
|
|
|a OND
|
| 958 |
|
|
|a EUIPO
|
| 992 |
|
|
|a RBX
|
| 999 |
|
|
|c 2893413
|d 2895343
|